The Smiths Discography (Hard) - Statistics

General Stats
  • This quiz has been taken 33 times
  • The average score is 10 of 15
Answer Stats
Year Type Name % Correct
1984 Solo Album The Smiths
100%
1987 Compilation Album Louder Than Bombs
96%
1985 Solo Album Meat Is Murder
96%
1986 Solo Album The Queen Is Dead
96%
1984 Compilation Album Hatful Of Hollow
89%
1987 Solo Album Strangeways, Here We Come
89%
1988 Live Album Rank
81%
2008 Compilation Album The Sound Of The Smiths
74%
1987 Compilation Album The World Won't Listen
63%
2011 Compilation Album Complete
48%
1995 Compilation Album Singles
33%
1992 Compilation Album Best... I
30%
1992 Compilation Album ...Best II
30%
2001 Compilation Album The Very Best Of The Smiths
22%
2008 Compilation Album The Smiths Singles Box
11%
No matching quizzes found
Score Distribution
Percent of People with Each Score
Percentile by Number Answered
Your Score History
You have not taken this quiz